| 000 | 00633nam a2200229 4500 | ||
|---|---|---|---|
| 001 | sa 68013617 | ||
| 003 | DLC | ||
| 005 | 20260227112623.0 | ||
| 008 | 691209s1967 ii a b 00110 eng | ||
| 010 | _asa 68013617 | ||
| 025 | _aPL480:I-E-11086 | ||
| 050 | 0 |
_aHD31 _b.G45 1967 |
|
| 082 | _a658 | ||
| 100 | 1 | 0 | _aGhan, P. T. |
| 245 | 1 |
_aIntroduction to industrial organization, _cby P. T. Ghan. |
|
| 250 | _a[4th ed., rev. and enl.] | ||
| 260 | 0 |
_aPoona, _bA. V. G. Prakashan _c[1967] |
|
| 300 |
_axvi, 384 p. _billus. _c22 cm. |
||
| 350 | _a9.00 | ||
| 504 | _aBibliography: p. [xiii]-xvi. | ||
| 650 | 0 | _aIndustrial management. | |
| 999 |
_c85215 _d85215 |
||